000 01374nam a2200289 i 4500
003 DO-SdBNP
005 20240726145438.0
006 a||||fr|||| 00| 0
007 ta
008 240115e1913 dr ||||| m||| 00| 0 spa d
040 _aDO-SdBNP
_bspa
_cBNPHU
_erda
082 4 _222
_bG643h
100 _aGonzález R., J. Alcibiades
_eautor
_986174
245 1 0 _aEl hidrato de fenilo es un alcohol terciario:
_baño académico de 1912 a 1913 tesis no. 7 para la Licenciatura /
_cJ. Alcibiades González R.
246 1 4 _aTesis para la Licenciatura de Derecho Civil
264 1 _aSanto Domingo :
_bLa Cuna de América,
_c1913
300 _a52 páginas ;
_b23 cm.
336 _2rdacontent
_atexto
_btxt
337 _2rdamedia
_asin mediación
_bn
338 _2rdacarrier
_avolumen
_bnc
500 _aJurado Examinador: Presidente: Lic. J. G. Obregón García / Catedrático. Vocales: Álvaro Logroño, Rafael Delgado Tejeda.
500 _aArt. 16 del reglamento interior del Instituto Profesional. En el examen final, el actuante está obligado á responder á todas las preguntas i observaciones del Jurado Examinador que directa é indirectamente se relaciona con su tesis.
590 _aInventariado 2024 / MF
650 4 _aTesis y disertaciones académicas
_919630
710 2 _aInstituto Profesional de Santo Domingo
_bFaculta de Derecho Civil
_984783
942 _2ddc
_cLF2
999 _c55674
_d55674